[Event "XXIX Cracovia 2018"]
[Site "Krakow"]
[Date "2018.12.29"]
[Round "4"]
[White "Schreiner, Peter"]
[Black "Kyc, Jerzy"]
[Result "1/2-1/2"]
[WhiteElo "2479"]
[BlackElo "2280"]
[Annotator "ChessBase"]
[PlyCount "93"]
[EventDate "2018.12.27"]
[EventType "swiss"]
[EventCountry "POL"]
[SourceTitle "playchess.com"]
[Source "ChessBase"]
[SourceQuality "1"]
[TimeControl "40/5400+30:1800+30"]

1. Nf3 {[%emt 0:00:00]} Nf6 {[%emt 0:00:00]} 2. c4 {[%emt 0:00:05]} g6 {[%emt 0:00:00]} 3. Nc3 {[%emt 0:00:07]} c5 {[%emt 0:00:00]} 4. e4 {[%emt 0:00:17]} d6 {[%emt 0:00:00]} 5. d4 {[%emt 0:00:04]} cxd4 {[%emt 0:00:04]} 6. Nxd4 {[%emt 0:00:03]} Bg7 {[%emt 0:00:09]} 7. Be2 {[%emt 0:00:41]} Nc6 {[%emt 0:00:06]} 8. Be3 {[%emt 0:00:31]} O-O {[%emt 0:00:13]} 9. O-O {[%emt 0:00:18]} Bd7 {[%emt 0:06:28]} 10. h3 {[%emt 0:01:50]} Rc8 {[%emt 0:00:13]} 11. Qd2 {[%emt 0:02:29]} Nxd4 {[%emt 0:04:29]} 12. Bxd4 {[%emt 0:02:18]} Bc6 {[%emt 0:03:25]} 13. Qd3 {[%emt 0:11:07]} a5 {[%emt 0:06:40]} 14. b3 {[%emt 0:21:33]} Nd7 {[%emt 0:08:19]} 15. Bxg7 {[%emt 0:03:11]} Kxg7 {[%emt 0:04:46]} 16. Qd4+ {[%emt 0:04:28]} Kg8 {[%emt 0:02:11]} 17. Bg4 {[%emt 0:00:26]} Rc7 {[%emt 0:03:48]} 18. Bxd7 {[%emt 0:03:59]} Rxd7 {[%emt 0:01:56]} 19. f4 {[%emt 0:00:45]} f5 {[%emt 0:11:28]} 20. Rae1 {[%emt 0:08:55]} e5 {[%emt 0:14:18]} 21. Qd2 {[%emt 0:15:30]} Qb6+ {[%emt 0:05:22]} 22. Kh2 {[%emt 0:01:43]} fxe4 {[%emt 0:08:05]} 23. Nd5 {[%emt 0:05:06]} Qc5 {[%emt 0:02:51]} 24. Rxe4 {[%emt 0:03:37]} Rdf7 {[%emt 0:05:24]} 25. Rc1 {[%emt 0:03:45]} exf4 {[%emt 0:02:21]} 26. Ne7+ {[%emt 0:00:28]} Rxe7 {[%emt 0:02:16]} 27. Rxe7 {[%emt 0:00:09]} Qg5 {[%emt 0:00:04]} 28. Rce1 {[%emt 0:04:11]} Qg3+ {[%emt 0:01:23]} 29. Kg1 {[%emt 0:00:12]} f3 {[%emt 0:01:18]} 30. Qf2 {[%emt 0:00:48]} Qxf2+ {[%emt 0:02:18]} 31. Kxf2 {[%emt 0:00:02]} fxg2+ {[%emt 0:00:01]} 32. Kg1 {[%emt 0:00:23]} Rf4 {[%emt 0:02:55]} 33. Rc7 {[%emt 0:05:07]} a4 {[%emt 0:02:13]} 34. bxa4 {[%emt 0:00:35]} Rf3 {[%emt 0:00:46]} 35. Kxg2 {[%emt 0:00:50]} Rf7+ {[%emt 0:00:08]} 36. Rxc6 {[%emt 0:00:05]} bxc6 {[%emt 0:00:02]} 37. Re8+ {[%emt 0:01:37]} Kg7 {[%emt 0:00:02]} 38. Rc8 {[%emt 0:00:13]} c5 {[%emt 0:01:23]} 39. Rc6 {[%emt 0:01:21]} Ra7 {[%emt 0:00:06]} 40. Rxd6 {[%emt 0:00:00]} Rxa4 {[%emt 0:00:00]} 41. Rc6 {[%emt 0:02:39]} Rxc4 {[%emt 0:00:11]} 42. a4 {[%emt 0:00:18]} Rxa4 {[%emt 0:00:04]} 43. Rxc5 {[%emt 0:00:06]} Kh6 {[%emt 0:00:16]} 44. Kg3 {[%emt 0:01:48]} g5 {[%emt 0:00:13]} 45. Rc3 {[%emt 0:00:50]} Kh5 {[%emt 0:00:03]} 46. Rb3 {[%emt 0:00:43]} h6 {[%emt 0:01:01]} 47. Rc3 {[%emt 0:00:09]} 1/2-1/2

[Event "XXIX Cracovia 2018"]
[Site "Krakow"]
[Date "2018.12.29"]
[Round "4"]
[White "Golubka, Petro"]
[Black "Miroshnichenko, Pavel"]
[Result "1-0"]
[WhiteElo "2464"]
[BlackElo "2275"]
[Annotator "TA"]
[PlyCount "129"]
[EventDate "2018.12.27"]
[EventType "swiss"]
[EventCountry "POL"]
[SourceTitle "playchess.com"]
[Source "ChessBase"]
[SourceQuality "1"]

{[%evp 16,129,41,30,41,41,54,26,30,48,37,31,38,40,30,37,54,54,49,63,81,0,0,0,0,-17,-9,0,0,3,81,82,61,43,85,70,70,20,20,16,15,15,17,15,54,54,53,52,54,49,43,47,59,61,101,97,114,114,111,113,113,113,145,113,113,113,113,113,113,113,113,115,113,76,83,64,82,59,59,60,70,70,66,32,77,79,29963,29972,29970,29973,29974,29975,29975,29975,29973,29974,29973,29974,29981,29981,29981,29982,29979,29980,29988,29989,29989,29990,29992,29992,29992,29992,29995,29996,29997,29998]} 1. d4 Nf6 2. c4 c6 3. Nf3 d5 4. e3 g6 5. Nc3 Bg7 6. Bd3 O-O 7. O-O Be6 8. cxd5 {D94: Grünfeld: 4 Nf3 Bg7 5 e3} cxd5 9. Qb3 {LiveBook: 7 Games} b6 10. Bd2 {White is slightly better.} Ne4 11. Rfc1 Nxd2 12. Nxd2 Nc6 13. Qa4 {[#]} Na5 $146 ({Predecessor:} 13... Qd6 14. Bb5 Nb8 15. Be2 a6 16. Bf3 Bd7 17. Qb3 e6 18. Na4 Bb5 19. Nc3 Be8 20. Na4 Bb5 21. Nc3 Be8 {½-½ (21) Wojtaszek,R (2593)-Volokitin,A (2672) Karpacz 2008}) 14. b4 {[%cal Bb2b4,Bb4b5][%mdl 32]} Nc4 15. Nxc4 dxc4 16. Be4 Bd7 17. b5 $36 {[%mdl 2048] White has some pressure.} Rc8 18. Qxa7 (18. Bc6 $1 $16) 18... e5 $11 19. dxe5 $1 Bxe5 20. Rab1 Bxc3 21. Rxc3 Bxb5 22. a4 Rc7 (22... Qd2 $11 {keeps the balance.} 23. Rc2 Qd7 24. Qxd7 (24. Qxb6 Bxa4 25. Rc3 Rfd8 $11) 24... Bxd7) 23. Qxb6 $16 Bxa4 24. h3 Rc8 25. Qxd8 Rfxd8 26. Rb4 (26. Bb7 $5 {[%cal Rb7c8]} Rc5 27. Ba6 $14) 26... Bb3 $1 27. Kh2 Rb8 28. Rxb8 Rxb8 $11 {[%mdl 4096] Endgame KRB-KRB} 29. Bd5 Rc8 30. Kg3 Rc5 31. e4 Kg7 32. Kf4 f5 33. f3 Kf6 {With the idea ...g5+.} 34. Ke3 fxe4 {[#]} 35. Kd4 $1 {[%cal Rd4c5]} ({Reject} 35. fxe4 $6 Ke5 $11) ({Of course not} 35. Bxe4 $6 Rc8 $11) 35... Rc8 36. fxe4 Rd8 37. Rf3+ Kg5 38. g3 {[%cal Bg2g3,Bg3h4][%mdl 32]} h5 39. h4+ Kg4 40. Rc3 {Threatens to win with Kc5.} g5 41. Ke5 {[%cal Rd5e6]} gxh4 42. Be6+ Kg5 {aiming for ...h3!} 43. gxh4+ Kh6 ({Avoid the trap} 43... Kxh4 $2 44. Kf6 $18) 44. Bd5 Rf8 45. Rg3 Rf2 46. Be6 Bd1 $1 47. Bxc4 {Black must now prevent Be6.} Rh2 48. Rd3 Bg4 49. Rd8 Rc2 50. Bd5 Rc8 $2 {[%mdl 8192]} (50... Rf2 $16 51. Ra8 Kg6) 51. Rxc8 {White mates.} Bxc8 {KB-KB} 52. Kf6 Bh3 53. e5 Bg4 54. Be4 Be2 55. e6 Bc4 {[#]} 56. e7 $1 Bb5 57. Kf7 Ba4 58. Kf8 Bb5 59. Bd5 Ba4 60. Bf7 Bb5 61. Be8 Bd3 62. Ba4 Bg6 63. Bb3 Kh7 64. Bf7 Kh8 65. e8=Q {Precision: White = 76%, Black = 46%.} 1-0

[Event "XXIX Cracovia 2018"]
[Site "Krakow"]
[Date "2018.12.29"]
[Round "4"]
[White "Tomczak, Mikolaj"]
[Black "Kusnetsov, Sergey"]
[Result "1/2-1/2"]
[WhiteElo "2442"]
[BlackElo "2257"]
[Annotator "NA"]
[PlyCount "55"]
[EventDate "2018.12.27"]
[EventType "swiss"]
[EventCountry "POL"]
[SourceTitle "playchess.com"]
[Source "ChessBase"]
[SourceQuality "1"]
[TimeControl "40/5400+30:1800+30"]

1. e4 {[%emt 0:00:00]} d6 {[%emt 0:00:23]} 2. d4 {[%emt 0:00:00]} Nf6 {[%emt 0:00:07]} 3. Nc3 {[%emt 0:00:03]} g6 {[%emt 0:00:05]} 4. g3 {[%emt 0:01:38]} Bg7 {[%emt 0:00:20]} 5. Bg2 {[%emt 0:00:05]} O-O {[%emt 0:00:45]} 6. Nge2 {[%emt 0:00:06]} e5 {[%emt 0:01:28]} 7. h3 {[%emt 0:01:19]} Nc6 {[%emt 0:04:07]} 8. Be3 {[%emt 0:00:19]} exd4 {[%emt 0:02:10]} 9. Nxd4 {[%emt 0:00:06]} Bd7 {[%emt 0:01:34]} 10. O-O {[%emt 0:00:29]} Re8 {[%emt 0:00:57]} 11. Nde2 {[%emt 0:02:04]} Rb8 {[%emt 0:02:29]} 12. a4 {[%emt 0:04:20]} a6 {[%emt 0:02:25]} 13. g4 {[%emt 0:02:18]} b5 {[%emt 0:02:03]} 14. axb5 {[%emt 0:03:05]} axb5 {[%emt 0:00:02]} 15. Ng3 {[%emt 0:01:39]} b4 {[%emt 0:03:03]} 16. Na4 {[%emt 0:02:07]} h6 {[%emt 0:02:48]} 17. Qd2 {[%emt 0:02:49]} Kh7 {[%emt 0:03:51]} 18. b3 {[%emt 0:02:22]} Ne5 {[%emt 0:11:56]} 19. Rfe1 {[%emt 0:08:09]} Bb5 {[%emt 0:09:59]} 20. Nb2 {[%emt 0:15:14]} Nfd7 {[%emt 0:02:17]} 21. Ra2 {[%emt 0:04:14]} Qe7 {[%emt 0:05:46]} 22. Nd1 {[%emt 0:13:15]} c5 {[%emt 0:01:05]} 23. c4 {[%emt 0:08:12]} bxc3 {[%emt 0:00:38]} 24. Nxc3 {[%emt 0:00:03]} Nc6 {[%emt 0:01:25]} 25. Nd5 {[%emt 0:07:04]} Qd8 {[%emt 0:00:07]} 26. Rd1 {[%emt 0:03:52]} Nd4 {[%emt 0:05:07]} 27. Bxd4 {[%emt 0:06:25]} Bxd4 {[%emt 0:00:20]} 28. Qf4 {[%emt 0:03:59]} 1/2-1/2

[Event "XXIX Cracovia 2018"]
[Site "Krakow"]
[Date "2018.12.29"]
[Round "4"]
[White "Cukrowski, Filip"]
[Black "Baum, Jonasz"]
[Result "1/2-1/2"]
[WhiteElo "2416"]
[BlackElo "2302"]
[Annotator "NA"]
[PlyCount "23"]
[EventDate "2018.12.27"]
[EventType "swiss"]
[EventCountry "POL"]
[SourceTitle "playchess.com"]
[Source "ChessBase"]
[SourceQuality "1"]
[TimeControl "40/5400+30:1800+30"]

1. e4 {[%emt 0:01:52]} c5 {[%emt 0:00:00]} 2. Nf3 {[%emt 0:00:05]} d6 {[%emt 0:00:00]} 3. Bb5+ {[%emt 0:00:24]} Bd7 {[%emt 0:00:00]} 4. Bxd7+ {[%emt 0:02:52]} Qxd7 {[%emt 0:00:03]} 5. c4 {[%emt 0:00:08]} Nf6 {[%emt 0:00:29]} 6. Nc3 {[%emt 0:00:07]} g6 {[%emt 0:00:10]} 7. d4 {[%emt 0:00:07]} cxd4 {[%emt 0:00:05]} 8. Nxd4 {[%emt 0:00:07]} Bg7 {[%emt 0:00:04]} 9. O-O {[%emt 0:00:08]} O-O {[%emt 0:00:05]} 10. f3 {[%emt 0:01:36]} Rc8 {[%emt 0:00:07]} 11. b3 {[%emt 0:00:06]} d5 {[%emt 0:01:51]} 12. exd5 {[%emt 0:00:07]} 1/2-1/2

[Event "XXIX Cracovia 2018"]
[Site "Krakow"]
[Date "2018.12.29"]
[Round "4"]
[White "Grib, Roman"]
[Black "Kokoszczynski, Jan"]
[Result "1/2-1/2"]
[WhiteElo "2412"]
[BlackElo "2242"]
[Annotator "NA"]
[PlyCount "52"]
[EventDate "2018.12.27"]
[EventType "swiss"]
[EventCountry "POL"]
[SourceTitle "playchess.com"]
[Source "ChessBase"]
[SourceQuality "1"]
[TimeControl "40/5400+30:1800+30"]

1. e4 c5 2. Nf3 Nc6 3. Bb5 g6 4. Bxc6 dxc6 5. d3 Bg7 6. h3 Nf6 7. Nc3 Nd7 8. Be3 e5 9. Qd2 h6 10. O-O b6 11. Nh2 Nf8 12. f4 exf4 13. Rxf4 g5 14. Rf2 Be6 15. a4 a5 16. Nf3 Qc7 17. Rff1 Ng6 18. d4 cxd4 19. Nxd4 O-O 20. Nf5 Rad8 21. Qf2 c5 22. Nxg7 Kxg7 23. Nb5 Qe7 24. Bd2 f6 25. b3 Kh7 26. Rae1 Rf7 1/2-1/2

[Event "XXIX Cracovia 2018"]
[Site "Krakow"]
[Date "2018.12.29"]
[Round "4"]
[White "Lewtak, Damian"]
[Black "Rakhmangulova, Anastasiya"]
[Result "1-0"]
[WhiteElo "2393"]
[BlackElo "2233"]
[Annotator "ChessBase"]
[PlyCount "123"]
[EventDate "2018.12.27"]
[EventType "swiss"]
[EventCountry "POL"]
[SourceTitle "playchess.com"]
[Source "ChessBase"]
[SourceQuality "1"]
[TimeControl "40/5400+30:1800+30"]

1. d4 d5 2. Bf4 Nf6 3. e3 e6 4. c3 c5 5. Nd2 Nc6 6. Ngf3 Bd6 7. Bg3 O-O 8. Bb5 Ne7 9. Bd3 h6 10. Qe2 cxd4 11. exd4 Rb8 12. O-O Ne8 13. a4 a6 14. a5 Bd7 15. Ne5 Bxe5 16. Bxe5 Rc8 17. Nb3 Nc6 18. Bg3 Nf6 19. Nc5 Nxa5 20. b4 Rxc5 21. bxc5 Nc4 22. f4 Qc8 23. Bh4 Nh7 24. Rf3 f5 25. Bxc4 dxc4 26. Re3 Nf6 27. Bxf6 Rxf6 28. Re1 Rg6 29. Qxc4 Kh7 30. Rg3 Rxg3 31. hxg3 a5 32. Ra1 Qc7 33. Qb3 a4 34. Qb6 Qc8 35. c4 Bc6 36. Rd1 Qe8 37. d5 exd5 38. cxd5 Bb5 39. Qe6 Qxe6 40. dxe6 Kg6 41. Re1 Kf6 42. e7 Kf7 43. Kf2 Bc6 44. Re3 h5 45. Re5 g6 46. Ke1 Ke8 47. Kd2 Bxg2 48. Re6 Bc6 49. Rxg6 Kxe7 50. Kc3 Kd7 51. Kb4 Kc7 52. Rg5 Bd7 53. Rg7 Kc8 54. Rh7 Kc7 55. Kc4 Kc6 56. Rxh5 b5+ 57. Kb4 Kc7 58. Rh6 Bc6 59. Rg6 Bd7 60. Rf6 Kb7 61. c6+ Bxc6 62. Rxf5 1-0

[Event "XXIX Cracovia 2018"]
[Site "Krakow"]
[Date "2018.12.29"]
[Round "4"]
[White "Goumas, Georgios"]
[Black "Chylewski, Patryk"]
[Result "1-0"]
[WhiteElo "2378"]
[BlackElo "2268"]
[Annotator "NA"]
[PlyCount "79"]
[EventDate "2018.12.27"]
[EventType "swiss"]
[EventCountry "POL"]
[SourceTitle "playchess.com"]
[Source "ChessBase"]
[SourceQuality "1"]
[TimeControl "40/5400+30:1800+30"]

1. e4 {[%emt 0:01:52]} c6 {[%emt 0:00:00]} 2. d4 {[%emt 0:00:36]} d5 {[%emt 0:00:00]} 3. Nd2 {[%emt 0:00:14]} dxe4 {[%emt 0:00:01]} 4. Nxe4 {[%emt 0:00:07]} Nd7 {[%emt 0:00:10]} 5. Nf3 {[%emt 0:00:07]} Ngf6 {[%emt 0:00:20]} 6. Nxf6+ {[%emt 0:00:11]} Nxf6 {[%emt 0:00:08]} 7. c3 {[%emt 0:00:11]} Bg4 {[%emt 0:04:35]} 8. h3 {[%emt 0:00:39]} Bxf3 {[%emt 0:05:56]} 9. Qxf3 {[%emt 0:00:08]} e6 {[%emt 0:00:05]} 10. g3 {[%emt 0:03:43]} Qd5 {[%emt 0:03:10]} 11. Bg2 {[%emt 0:00:08]} O-O-O {[%emt 0:02:26]} 12. O-O {[%emt 0:00:51]} Qxf3 {[%emt 0:01:26]} 13. Bxf3 {[%emt 0:00:07]} Nd5 {[%emt 0:03:54]} 14. Bd2 {[%emt 0:09:34]} c5 {[%emt 0:02:57]} 15. dxc5 {[%emt 0:06:06]} Bxc5 {[%emt 0:00:09]} 16. Rad1 {[%emt 0:01:04]} Rd7 {[%emt 0:01:45]} 17. c4 {[%emt 0:06:35]} Nb6 {[%emt 0:08:45]} 18. Bc3 {[%emt 0:01:56]} f6 {[%emt 0:08:09]} 19. b4 {[%emt 0:07:33]} Be7 {[%emt 0:06:24]} 20. Rxd7 {[%emt 0:18:49]} Nxd7 {[%emt 0:01:44]} 21. c5 {[%emt 0:00:20]} Rd8 {[%emt 0:03:56]} 22. Rc1 {[%emt 0:01:24]} Kb8 {[%emt 0:10:17]} 23. Kg2 {[%emt 0:02:25]} e5 {[%emt 0:01:26]} 24. a3 {[%emt 0:05:57]} Nf8 {[%emt 0:10:57]} 25. Be4 {[%emt 0:05:19]} g6 {[%emt 0:04:46]} 26. h4 {[%emt 0:04:37]} Nd7 {[%emt 0:02:17]} 27. h5 {[%emt 0:07:25]} f5 {[%emt 0:06:36]} 28. Bc2 {[%emt 0:00:06]} Bf6 {[%emt 0:01:35]} 29. Rd1 {[%emt 0:00:21]} Kc7 {[%emt 0:06:09]} 30. hxg6 {[%emt 0:00:11]} hxg6 {[%emt 0:00:09]} 31. Rd6 {[%emt 0:01:05]} b6 {[%emt 0:04:31]} 32. Rxf6 {[%emt 0:00:10]} Nxf6 {[%emt 0:00:07]} 33. Bxe5+ {[%emt 0:00:04]} Kc6 {[%emt 0:00:30]} 34. Bxf6 {[%emt 0:00:05]} Rd2 {[%emt 0:00:39]} 35. Ba4+ {[%emt 0:00:47]} b5 {[%emt 0:00:13]} 36. Bb3 {[%emt 0:00:05]} Rd3 {[%emt 0:00:40]} 37. Bf7 {[%emt 0:00:07]} Rxa3 {[%emt 0:00:14]} 38. Be8+ {[%emt 0:00:07]} Kc7 {[%emt 0:01:19]} 39. Be5+ {[%emt 0:01:08]} Kd8 {[%emt 0:00:22]} 40. Bxg6 {[%emt 0:00:00]} 1-0

[Event "XXIX Cracovia 2018"]
[Site "Krakow"]
[Date "2018.12.29"]
[Round "4"]
[White "Galperin, Platon"]
[Black "Ustinov, Alexey"]
[Result "1/2-1/2"]
[WhiteElo "2363"]
[BlackElo "2232"]
[Annotator "NA"]
[PlyCount "49"]
[EventDate "2018.12.27"]
[EventType "swiss"]
[EventCountry "POL"]
[SourceTitle "playchess.com"]
[Source "ChessBase"]
[SourceQuality "1"]
[TimeControl "40/5400+30:1800+30"]

1. e4 {[%emt 0:06:19]} e6 {[%emt 0:04:30]} 2. d4 {[%emt 0:00:19]} d5 {[%emt 0:00:05]} 3. Nd2 {[%emt 0:00:06]} dxe4 {[%emt 0:01:20]} 4. Nxe4 {[%emt 0:00:02]} Nd7 {[%emt 0:00:23]} 5. Nf3 {[%emt 0:00:37]} Ngf6 {[%emt 0:00:54]} 6. Nxf6+ {[%emt 0:00:03]} Nxf6 {[%emt 0:00:30]} 7. g3 {[%emt 0:00:02]} b6 {[%emt 0:06:14]} 8. Bb5+ {[%emt 0:00:02]} Bd7 {[%emt 0:00:27]} 9. a4 {[%emt 0:00:01]} a6 {[%emt 0:15:29]} 10. Be2 {[%emt 0:00:14]} Bc6 {[%emt 0:00:49]} 11. O-O {[%emt 0:00:03]} Bd6 {[%emt 0:04:15]} 12. Ne5 {[%emt 0:00:41]} Bxe5 {[%emt 0:08:18]} 13. dxe5 {[%emt 0:02:07]} Qd5 {[%emt 0:00:13]} 14. Qxd5 {[%emt 0:00:23]} Nxd5 {[%emt 0:00:06]} 15. a5 {[%emt 0:12:49]} b5 {[%emt 0:01:08]} 16. Bd2 {[%emt 0:00:25]} Kd7 {[%emt 0:05:36]} 17. Rfd1 {[%emt 0:04:45]} Rhb8 {[%emt 0:01:01]} 18. c3 {[%emt 0:00:23]} Ke8 {[%emt 0:00:39]} 19. h4 {[%emt 0:16:54]} Ne7 {[%emt 0:07:32]} 20. h5 {[%emt 0:03:22]} Bd5 {[%emt 0:01:13]} 21. h6 {[%emt 0:07:58]} g6 {[%emt 0:00:13]} 22. Bg5 {[%emt 0:09:49]} c5 {[%emt 0:04:41]} 23. Kh2 {[%emt 0:04:26]} Rd8 {[%emt 0:04:29]} 24. Kh3 {[%emt 0:01:29]} Bb3 {[%emt 0:01:05]} 25. Rdc1 {[%emt 0:03:45]} 1/2-1/2

[Event "XXIX Cracovia 2018"]
[Site "Krakow"]
[Date "2018.12.29"]
[Round "4"]
[White "Eggink, Ryszard"]
[Black "Janik, Igor"]
[Result "1/2-1/2"]
[WhiteElo "2343"]
[BlackElo "2476"]
[Annotator "ChessBase"]
[PlyCount "80"]
[EventDate "2018.12.27"]
[EventType "swiss"]
[EventCountry "POL"]
[SourceTitle "playchess.com"]
[Source "ChessBase"]
[SourceQuality "1"]
[TimeControl "40/5400+30:1800+30"]

1. d4 {[%emt 0:00:00]} Nf6 {[%emt 0:00:00]} 2. Bg5 {[%emt 0:00:30]} c5 {[%emt 0:00:25]} 3. Bxf6 {[%emt 0:01:15]} exf6 {[%emt 0:00:06]} 4. Nf3 {[%emt 0:01:25]} Qb6 {[%emt 0:00:32]} 5. b3 {[%emt 0:02:45]} d5 {[%emt 0:07:04]} 6. e3 {[%emt 0:02:51]} Be6 {[%emt 0:00:09]} 7. Bd3 {[%emt 0:04:43]} Nc6 {[%emt 0:00:08]} 8. c3 {[%emt 0:00:20]} Be7 {[%emt 0:00:14]} 9. O-O {[%emt 0:01:12]} O-O {[%emt 0:00:10]} 10. Nbd2 {[%emt 0:04:18]} Rac8 {[%emt 0:01:44]} 11. Rc1 {[%emt 0:01:54]} Rfd8 {[%emt 0:01:42]} 12. h3 {[%emt 0:13:39]} g6 {[%emt 0:02:52]} 13. Qe2 {[%emt 0:03:06]} f5 {[%emt 0:00:45]} 14. dxc5 {[%emt 0:03:36]} Bxc5 {[%emt 0:00:16]} 15. b4 {[%emt 0:00:06]} Bf8 {[%emt 0:01:12]} 16. a3 {[%emt 0:00:17]} a5 {[%emt 0:04:16]} 17. Nb3 {[%emt 0:04:38]} Bh6 {[%emt 0:00:41]} 18. Nc5 {[%emt 0:03:45]} Re8 {[%emt 0:02:24]} 19. Qd2 {[%emt 0:01:48]} Rcd8 {[%emt 0:02:00]} 20. Nd4 {[%emt 0:11:18]} Ne5 {[%emt 0:04:16]} 21. Bb5 {[%emt 0:06:11]} Re7 {[%emt 0:02:05]} 22. a4 {[%emt 0:00:32]} Bc8 {[%emt 0:02:50]} 23. Ncb3 {[%emt 0:00:38]} axb4 {[%emt 0:01:00]} 24. cxb4 {[%emt 0:00:01]} Qf6 {[%emt 0:00:13]} 25. f4 {[%emt 0:02:17]} Nc4 {[%emt 0:04:17]} 26. Bxc4 {[%emt 0:00:03]} dxc4 {[%emt 0:00:05]} 27. Rxc4 {[%emt 0:00:07]} Be6 {[%emt 0:00:50]} 28. Nxe6 {[%emt 0:00:57]} Rxe6 {[%emt 0:00:11]} 29. Rd4 {[%emt 0:01:56]} Rde8 {[%emt 0:00:11]} 30. Rf3 {[%emt 0:00:58]} Bf8 {[%emt 0:01:33]} 31. Na5 {[%emt 0:04:12]} Qe7 {[%emt 0:03:39]} 32. b5 {[%emt 0:03:18]} b6 {[%emt 0:07:04]} 33. Nc6 {[%emt 0:00:55]} Qc5 {[%emt 0:00:37]} 34. Kh2 {[%emt 0:03:16]} h5 {[%emt 0:03:41]} 35. h4 {[%emt 0:03:29]} Bg7 {[%emt 0:00:55]} 36. Rd5 {[%emt 0:02:05]} Qc4 {[%emt 0:00:17]} 37. a5 {[%emt 0:01:07]} Bc3 {[%emt 0:00:33]} 38. Qd3 {[%emt 0:02:21]} Qxd3 {[%emt 0:01:14]} 39. Rxd3 {[%emt 0:00:04]} Bxa5 {[%emt 0:00:04]} 40. Rf1 {[%emt 0:00:00]} Rxe3 {[%emt 0:00:00]} 1/2-1/2

[Event "XXIX Cracovia 2018"]
[Site "Krakow"]
[Date "2018.12.29"]
[Round "4"]
[White "Naboka, Sergey"]
[Black "Bus, Konrad"]
[Result "1/2-1/2"]
[WhiteElo "2324"]
[BlackElo "2221"]
[Annotator "NA"]
[PlyCount "56"]
[EventDate "2018.12.27"]
[EventType "swiss"]
[EventCountry "POL"]
[SourceTitle "playchess.com"]
[Source "ChessBase"]
[SourceQuality "1"]
[TimeControl "40/5400+30:1800+30"]

1. e4 {[%emt 0:00:00]} e5 {[%emt 0:00:00]} 2. Nf3 {[%emt 0:00:00]} Nf6 {[%emt 0:00:04]} 3. Nxe5 {[%emt 0:00:31]} d6 {[%emt 0:00:07]} 4. Nf3 {[%emt 0:00:13]} Nxe4 {[%emt 0:00:09]} 5. Nc3 {[%emt 0:00:19]} Nxc3 {[%emt 0:00:53]} 6. dxc3 {[%emt 0:00:06]} Be7 {[%emt 0:01:25]} 7. Bf4 {[%emt 0:00:58]} Nc6 {[%emt 0:02:38]} 8. Qd2 {[%emt 0:01:01]} Be6 {[%emt 0:02:03]} 9. Ng5 {[%emt 0:03:58]} Bxg5 {[%emt 0:02:35]} 10. Bxg5 {[%emt 0:00:06]} Qd7 {[%emt 0:00:53]} 11. Be2 {[%emt 0:00:51]} a6 {[%emt 0:07:16]} 12. O-O {[%emt 0:02:22]} O-O {[%emt 0:00:43]} 13. c4 {[%emt 0:01:53]} Rfe8 {[%emt 0:03:22]} 14. Rad1 {[%emt 0:02:10]} f6 {[%emt 0:01:55]} 15. Bf4 {[%emt 0:01:18]} Rad8 {[%emt 0:02:29]} 16. Rfe1 {[%emt 0:02:52]} Ne5 {[%emt 0:04:59]} 17. Qc3 {[%emt 0:01:58]} Qc6 {[%emt 0:03:45]} 18. Bxe5 {[%emt 0:05:14]} dxe5 {[%emt 0:10:15]} 19. Bf3 {[%emt 0:00:24]} Qxc4 {[%emt 0:00:40]} 20. Qxc4 {[%emt 0:05:24]} Bxc4 {[%emt 0:00:42]} 21. Rxd8 {[%emt 0:02:45]} Rxd8 {[%emt 0:00:44]} 22. b3 {[%emt 0:00:01]} Bf7 {[%emt 0:07:12]} 23. Bxb7 {[%emt 0:00:21]} a5 {[%emt 0:01:55]} 24. Kf1 {[%emt 0:02:13]} Rd2 {[%emt 0:08:38]} 25. Re2 {[%emt 0:03:23]} Rd1+ {[%emt 0:00:20]} 26. Re1 {[%emt 0:00:06]} Rd2 {[%emt 0:00:35]} 27. Re2 {[%emt 0:00:17]} Rd1+ {[%emt 0:00:07]} 28. Re1 {[%emt 0:00:04]} Rd2 1/2-1/2

[Event "XXIX Cracovia 2018"]
[Site "Krakow"]
[Date "2018.12.29"]
[Round "4"]
[White "Zakrzewski, Marek"]
[Black "Bombek, Peter"]
[Result "1-0"]
[WhiteElo "2311"]
[BlackElo "2205"]
[Annotator "NA"]
[PlyCount "63"]
[EventDate "2018.12.27"]
[EventType "swiss"]
[EventCountry "POL"]
[SourceTitle "playchess.com"]
[Source "ChessBase"]
[SourceQuality "1"]
[TimeControl "40/5400+30:1800+30"]

1. e4 {[%emt 0:00:32]} e6 {[%emt 0:00:00]} 2. d4 {[%emt 0:00:08]} d5 {[%emt 0:00:00]} 3. Nd2 {[%emt 0:00:08]} a6 {[%emt 0:00:00]} 4. Bd3 {[%emt 0:00:32]} c5 {[%emt 0:00:22]} 5. dxc5 {[%emt 0:00:21]} Nf6 {[%emt 0:01:32]} 6. Qe2 {[%emt 0:04:57]} Bxc5 {[%emt 0:00:57]} 7. Ngf3 {[%emt 0:00:21]} Nc6 {[%emt 0:01:12]} 8. c3 {[%emt 0:00:20]} Qc7 {[%emt 0:02:33]} 9. O-O {[%emt 0:01:38]} Ba7 {[%emt 0:00:47]} 10. b3 {[%emt 0:04:58]} Bd7 {[%emt 0:10:40]} 11. Ba3 {[%emt 0:06:38]} O-O-O {[%emt 0:08:05]} 12. e5 {[%emt 0:01:07]} Nh5 {[%emt 0:10:52]} 13. g3 {[%emt 0:00:44]} f6 {[%emt 0:02:28]} 14. Bd6 {[%emt 0:01:58]} Qb6 {[%emt 0:01:05]} 15. c4 {[%emt 0:03:35]} Bb8 {[%emt 0:05:04]} 16. c5 {[%emt 0:20:53]} Qa7 {[%emt 0:01:06]} 17. a3 {[%emt 0:04:33]} g6 {[%emt 0:03:32]} 18. b4 {[%emt 0:01:32]} fxe5 {[%emt 0:02:03]} 19. Nxe5 {[%emt 0:01:19]} Bxd6 {[%emt 0:06:39]} 20. cxd6 {[%emt 0:00:37]} Nxe5 {[%emt 0:05:26]} 21. Qxe5 {[%emt 0:00:09]} Rhf8 {[%emt 0:01:28]} 22. Nb3 {[%emt 0:03:47]} Kb8 {[%emt 0:08:03]} 23. Nc5 {[%emt 0:01:14]} Ka8 {[%emt 0:01:32]} 24. Rac1 {[%emt 0:05:38]} Qb6 {[%emt 0:02:56]} 25. Kg2 {[%emt 0:02:23]} Bc8 {[%emt 0:01:02]} 26. Na4 {[%emt 0:00:12]} Qa7 {[%emt 0:01:39]} 27. Rc7 {[%emt 0:06:45]} Nf6 {[%emt 0:00:52]} 28. Nc5 {[%emt 0:01:19]} Ne8 {[%emt 0:01:50]} 29. Rxc8+ {[%emt 0:01:49]} Rxc8 {[%emt 0:00:01]} 30. d7 {[%emt 0:00:10]} Rb8 {[%emt 0:01:22]} 31. dxe8=Q {[%emt 0:01:32]} Rfxe8 {[%emt 0:05:56]} 32. Nxe6 {[%emt 0:00:09]} 1-0